[Event "Olympiad-39"]
[Site "Khanty-Mansiysk"]
[Date "2010.09.24"]
[Round "4.4"]
[White "Magem Badals, Jordi"]
[Black "Stellwagen, Daniel"]
[Result "0-1"]
[WhiteElo "2589"]
[BlackElo "2635"]
[Annotator "Marin,M"]
[PlyCount "118"]
[EventDate "2010.09.21"]
[EventType "team-swiss"]
[EventRounds "11"]
[EventCountry "RUS"]
[SourceTitle "CBM 139"]
[Source "ChessBase"]
[SourceDate "2010.11.18"]
[SourceVersion "1"]
[SourceVersionDate "2010.11.18"]
[SourceQuality "1"]
[WhiteTeam "Spain"]
[BlackTeam "Netherlands"]
[WhiteTeamCountry "ESP"]
[BlackTeamCountry "NED"]

1. e4 e6 2. d4 d5 3. Nc3 Bb4 4. e5 c5 5. a3 Bxc3+ 6. bxc3 Ne7 7. Qg4 Qc7 8.
Qxg7 Rg8 9. Qxh7 cxd4 10. Ne2 Nbc6 11. f4 {One of the sharpest variations of
the French Defence. Analyzing it is far from easy and playing it over the
board, even more difficult. Black's compensation for the sacrificed pawn
consists of the fact that the enemy king has problems finding a safe residence
on either wing, while White's space advantage can easily transform into a
chronic weakness of the light squares. Well, this is just a brief description,
in reality things are much more complicated thanthat, with several tactical
details interferring in the complex strategic battle.} dxc3 ({Black could
avoid the text variation by employing a slightly different move order:} 11...
Bd7 12. Qd3 dxc3) 12. Nxc3 {This early pawn capture has become fashionable at
top level lately.} ({The normal continuation is} 12. Qd3 Bd7 ({Possibly, White
wanted to avoid} 12... d4 $5 {, which has been played many times already.}) 13.
Nxc3 a6 {Alekseev,E (2715)-Vitiugov,N (2638)/Kallithea 2008/CBM 127/[Vitiugov]
(1/2, 34)}) 12... a6 {The most solid answer.} (12... Nxe5 $6 {Kosintseva,T 
(2524)-Hou,Y (2570)/Nalchik 2010/CBM 136/[Mikhalchishin] (1-0, 53)}) (12... Nd4
$5 {Karjakin,S (2739)-Sutovsky,E (2661)/Poikovsky 2010/CBM 137/[Erenburg] (1-0,
58)}) 13. Bb2 {White finally avoids a transposition to the traditional main
lines.} (13. Qd3 b5 $6 ({This weakens the queenside without needing it.} 13...
Bd7 {would transpose back to one of the main lines.}) 14. Rb1 Bb7 15. h4 O-O-O
16. Rh3 d4 17. Ne2 (17. Ne4 $2 Nxe5 $1 18. fxe5 Qxe5 $17) 17... Na5 18. a4 $1
$36 {Nijboer,F (2605)-Timman,J (2625)/Gouda 1997/EXT 99 (1-0, 43): The white
hyper active rooks make the black king feel insecure:}) 13... Bd7 14. O-O-O
O-O-O 15. Qh4 {The queen returns to the base without interferring with other
pieces' action.} (15. Qd3 {is a faster retreat, but allows Black install a
knight on c4.} Na5 16. g3 Kb8 17. Ne2 Bb5 18. Qc3 Qb6 19. Qd4 Qc7 20. Qc3 Qb6
21. Nd4 Rc8 22. Qb4 Nec6 23. Nxc6+ Nxc6 24. Qd2 Na5 25. Bc3 {I happened to be
around when this position was reached. The young player with black, obviously
excited by the possibility of attacking the king of the author of Fire on
Board, could not control his reactions and played rather quickly, eventually
being outplayed.} Rxc3 $6 {There was no need for this sacrifice. I remember a
similar situation from my own practice. Having given the possibility to
sacrifice an exchange on f6 against karpov, I did not hesitate for a single
moment. The former World Champion defended calmly and won after 80 moves...} (
25... Nc4 $132) (25... Nb3+ $5 26. cxb3 Ba4 $3 27. Bc4 (27. bxa4 Qb3 28. Bc4 $8
$17) 27... Bxb3 28. Qd4 Qxd4 29. Rxd4 Bxc4) 26. Qxc3 Rc8 27. Qb2 (27. Qb4 $1 {
is stronger. After} Qe3+ 28. Kb1 {the a5-knight remains under attack.}) 27...
Qe3+ 28. Kb1 Bxf1 ({In the game, Black played} 28... Rc5 $6 {, with the deadly
threat of ...Bxf1 and ...Rb5. In doing so, he missed} 29. Bd3 $1 {, after
which White defended and preserved his material advantage, 1-0 Shirov,A (2737)
-Dvirnyy,D (2450)/Arvier 2010/CBM 136 Extra (35)}) 29. Rhxf1 Rc3 $11 {[%cal
Ga5c4] Facing the threat of ...Nc4, White has to force a draw by perpetual
attacking of the queen, either with his rooks or with Qe1 (...Qb6, Qb2).})
15... Kb8 {With the queen on h4, the e7-knight is hanging. Therefore, Black
has to play some generally useful moves before ...Na5.} (15... Qb6 {[%csl Gf2]}
16. Rd2 Nf5 17. Qf2) 16. Qf2 {White has increased his control over d4, while
leaving the f1-c4 diagonal open.} Na5 17. Kb1 Rc8 18. Bd3 $5 $146 {Given the
fact that ...Nc4 usually is answered by Bxc4, this may lead to a loss of a
tempo in some cases.} ({The problem is that it is hard to imagine other useful
move than} 18. Rg1 {, but this is likely to become rather harmful if White
intends to start advancing his h-pawn.} Nc4 ({The only way of delaying this
exchange I can figure out is} 18... Qd8 $5 19. g4 Nc4 20. Bxc4 Rxc4 {,
although after} 21. Rg3 {White seems to more or less stabilize the position,
with chances to make his extra pawn come to tell. However, controlling the
whole board is far from easy in the presence of opposite-coloured bishops and
with the disrupted structure. The logical follow-up of Black's plan would be
the transfer of the reserve knight closer to c4 (and a4).} Nc8 {(Making use of
the square that has been just cleared by the rook).} 22. Rdd3 Nb6 $132) 19.
Bxc4 Qxc4 20. Qd4 Nf5 21. Qxc4 Rxc4 22. g3 (22. g4 Ne3 $17) 22... Rh8 $6 ({
This is correct strategically, but seems to be flawed tactically.} 22... Rgc8
23. Rd3 d4 {looks like leading to adequate counterplay.} 24. g4 {This leads to
general exchanges and a draw by perpetual.} dxc3 25. Rxd7 cxb2 26. gxf5 Rxc2
27. Rg8 Rc1+ 28. Kxb2 R1c2+ $11) 23. h4 ({Why not} 23. Nxd5 {[%cal Gb2h8]})
23... Rg8 $6 ({The paradoxical rook retreat} 23... Rcc8 $1 {allows Black
regroup in optimal way after} 24. h5 Rcg8 {[%cal Gg8g4]}) 24. h5 $36 {
Thavandiran,S (2318)-Dvirnyy,D (2457)/Chotowa 2010/CBM 137 Extra (1-0, 51).
Not really a lucky variation for Danyil Dvirnyy.}) 18... Nc4 ({With his rook
on h1, White is better prepared against} 18... Qd8 {, for instance} 19. h4 $5
Nc4 20. h5 Qa5 21. Bxc4 Rxc4 22. Rh3 {The far advanced h-pawn considerably
restricts Black's attacking possibilities.}) 19. Bxc4 (19. Ne2 Ba4) 19... Qxc4
20. Rd2 Nf5 21. Ne2 $6 {This offers the e4-square to the enemy queen.} (21. Rg1
$5 {[%cal Gg2g4] looks like the critical continuation.} Rg4 22. g3 {[%cal
Gh2h3]}) 21... Qe4 22. Nd4 ({White could not transpose back to the line
reccomended above, because after} 22. Nc3 {Black can deviate with} Qe3 $1 23.
Qxe3 Nxe3 24. g3 Rh8 $44 {[%csl Rb2][%cal Gc8g8,Ge3c4,Gd7b5,Ge3f5,Ge3g4] White
is under pressure on both wings.}) (22. Rg1 {arrives a bit too late to
seriously bother Black:} Rc4 23. Nd4 Nxd4 24. Rxd4 Rxd4 25. Bxd4 (25. Qxd4 Rxg2
$1 $11 26. Qxe4 $2 Rxg1+) 25... Ba4 $13 {The vulnerability of the white king
in the presence of opposite coloured bishops compensates for the missing pawn.}
) 22... Ne3 23. Re1 Rxg2 $1 {Had he overlooked this move when embarking the
whole line?!} 24. Qxg2 Qxg2 25. Rxg2 Nxg2 $15 {Black has retrieved the pawn
and retains the more compact structure.} 26. Rg1 Nxf4 27. Rf1 Ng6 28. Rxf7 Nxe5
29. Rg7 Ba4 30. Nxe6 $2 {Abandoning the king's defence.} (30. Bc1 $1) 30...
Bxc2+ 31. Ka2 Nc4 32. Bd4 Re8 33. Nf4 (33. Nc5 Re2 34. Rxb7+ Kc8 35. Rg7 (35.
h4 Bb3+ $1 36. Kxb3 Na5+) 35... a5 $40 {[%cal Ga5a4,Gc2b3]}) 33... a5 $3 {
The decisive move. New forces join Black's attack.} 34. Nxd5 a4 35. Bf2 (35.
Bc5 Bb3+ 36. Kb1 Re1#) (35. Bb2 Bb3+ 36. Kb1 Nxb2 $19) 35... Rf8 36. Bg3+ Ka7
37. Re7 Rf3 38. Ne3 Bb3+ 39. Ka1 Nxa3 $19 40. Kb2 Nb5 41. Re5 Ka6 42. Re8 b6
43. Re4 Na7 44. Ng4 Nb5 45. Re3 Rf8 46. Re4 Rc8 47. Ne3 Rc3 48. Be5 a3+ 49. Kb1
Rd3 50. h4 Nc3+ 51. Bxc3 Rxc3 52. Re8 Kb7 53. Re7+ Kc6 54. h5 a2+ 55. Kb2 Rc1
56. Ra7 Rb1+ 57. Kc3 a1=Q+ 58. Rxa1 Rxa1 59. Kxb3 Rh1 0-1

[Event "EU-chT (Men) 19th"]
[Site "Warsaw"]
[Date "2013.11.16"]
[Round "8.10"]
[White "Perunovic, Milos"]
[Black "Drasko, Milan"]
[Result "1/2-1/2"]
[WhiteElo "2613"]
[BlackElo "2447"]
[Annotator "Marin,M"]
[PlyCount "83"]
[EventDate "2013.11.08"]
[EventType "team-swiss"]
[EventRounds "9"]
[EventCountry "POL"]
[SourceTitle "CBM 158"]
[Source "ChessBase"]
[SourceDate "2014.01.16"]
[SourceVersion "1"]
[SourceVersionDate "2014.01.16"]
[SourceQuality "1"]
[WhiteTeam "Serbia"]
[BlackTeam "Montenegro"]
[WhiteTeamCountry "SRB"]
[BlackTeamCountry "MNE"]

1. e4 e6 2. d4 d5 3. Nc3 Bb4 4. e5 c5 5. a3 Bxc3+ 6. bxc3 Ne7 7. Qg4 Kf8 8. Qd1
({For} 8. a4 Qc7 9. Qd1 cxd4 $146 {see Naiditsch-Socko from this same
tournament and CBM issue.}) 8... Qc7 9. Nf3 b6 10. a4 h6 $5 {A flexible move,
which will be useful anyway, while the queenside plan may be adapted to the
circumstances.} ({I have examined the straightforward} 10... Ba6 {in the
comments to the aforementioned game. Of course, ...Ba6 remains a permanent
positional threat after the game move.}) 11. a5 {This looks logical and active,
but it deprives White from Bb5 as an answer to ...Ba6.} (11. Bd3 {kind of
loses one tempo since the bishops will be exchanged anyway.} Ba6 12. dxc5 bxc5
13. O-O Kg8 (13... c4 14. Be2 Nbc6 15. Ba3 Nxe5 16. Nxe5 Qxe5 17. f4 $36) 14.
Re1 Bxd3 15. Qxd3 Nd7 (15... Nbc6 16. Ba3 Na5 17. Nd2 Ng6 18. Rab1 a6 19. Qe2
Kh7) 16. c4 Qc6 17. cxd5 exd5 18. Ba3 Rc8 19. Nd4 $36 {Sax,G (2563)-Sorensen,J
(2399)/Saint Vincent 2000/CBM 078 (0-1, 72)}) (11. h4 {is a logical attempt to
keep his own in the tempi race. However, ...h7-h6 is more useful than h2-h4,
which could sometimes prove a weakening.} Ba6 12. Bb5 Nec6 $2 {After this move,
the game loses relevance from Black's point of view. Black loses too much time
and spoils the dynamic balance between his wings.} ({He should have continued
the standard plans on both sides with, for instance} 12... Kg8 13. O-O Qb7 14.
Qe2 Bxb5 15. axb5 a6) 13. O-O Na5 14. Nd2 Kg8 15. Bb2 h5 16. c4 $36 {Willemze,
T (2409)-Delemarre,J (2455)/Netherlands 2010/CBM 138 Extra (1-0, 30)}) 11...
Qc6 $146 (11... bxa5 $2 {Vallejo Pons,F (2415)-Scavo,F (2255)/Montecatini
Terme 1998/EXT 2000 (1-0, 44)} 12. Ba3 $16) 12. Ba3 (12. c4 dxc4 13. Bxc4 Ba6 {
would offer Black good chances for a blockade on d5.}) 12... Ba6 13. Bxa6 Nxa6
14. O-O Rc8 15. Qe2 Nb8 16. Rfb1 {A critical moment. So far, Black has managed
to keep his strategic coherence, but is a couple of tempi away from completing
his development, while White's piece pressure becomes threatening.} g6 {
(!) Usually, Black refrains from wakening the dark squares this way. In this
concrete position, his main idea was to prepare the king's evacuation but
retain the possibility of using His Majesty for defensive purposes in the
centre if needed.} ({The natural} 16... Kg8 {would allow White several ways of
taking over the initiative:} 17. Qb5 (17. dxc5 bxc5 18. c4 $14 d4 $2 19. Nxd4
$1 $16 {After 16...g6 instead of ...Kg8, the e7-knight would be defended if
White tries the same.}) 17... Nd7 18. dxc5) (16... Nd7 17. c4 $5) 17. h4 $1 ({
The main difference is that} 17. Qb5 Nd7 18. dxc5 bxc5 19. Qxc6 Nxc6 20. Rb7 {
is ineffective due to} Ke8 21. a6 Kd8 {followed by ...Rc7. If Black manages to
reduce the pressure, his strategic advantage would be beyond any doubt.}) (17.
c4 Kg7) 17... Nd7 18. h5 Kg7 $6 {But this looks like working with
half-measures instead of going all the way.} ({The principled move is} 18... g5
19. Nd2 (19. Nh2 Kg7 20. Ng4 Nf5) 19... Kg7 20. f4 gxf4 21. Qg4+ Kh7 22. Qxf4
Rhg8 $13 23. Qxf7+ $6 Rg7 24. Qf2 Rcg8 $15) 19. dxc5 $6 {This unfortunate
exchange weakens the e5-pawn and absolves Black from problems along the a-file}
(19. axb6 $1 axb6 20. hxg6 Nxg6 21. Bc1 Ra8 22. Rxa8 Qxa8 23. Rb3 $1 {[%cal
Gb3a3]} Qb7 24. Ra3 Qc7 25. Ne1 $36 {[%cal Ge2h5]}) 19... bxc5 20. c4 (20. hxg6
Nxg6 21. Bc1 Qc7 {is safe enough for Black.}) 20... Rhe8 21. Bc1 g5 $13 {
Finally. The position remains tense, but White's chronic pawn weaknesses
prevent him from claiming an advantage.} 22. Rb3 Nf5 23. Bb2 Qa6 24. Rd1 Nb8
25. Rb5 dxc4 26. Qxc4 Nc6 27. Rd7 Ncd4 28. Nxd4 cxd4 29. Qb3 Rxc2 30. Rbb7 Qe2
31. Rxf7+ Kh8 32. Bxd4 Rc1+ 33. Kh2 Qxh5+ 34. Qh3 Qxh3+ 35. gxh3 Nxd4 36. Rh7+
Kg8 37. Rbg7+ Kf8 38. Rxa7 Kg8 39. Rag7+ Kf8 40. Rd7 Kg8 41. Rhg7+ Kh8 42. Rh7+
1/2-1/2

[Event "World Women-ch k.o."]
[Site "Antakya"]
[Date "2010.12.05"]
[Round "1.2"]
[White "Ruan, Lufei"]
[Black "Baginskaite, Camilla"]
[Result "0-1"]
[WhiteElo "2480"]
[BlackElo "2336"]
[Annotator "Marin,M"]
[PlyCount "110"]
[EventDate "2010.12.04"]
[EventType "k.o."]
[EventRounds "6"]
[EventCountry "TUR"]
[SourceTitle "CBM 140"]
[Source "ChessBase"]
[SourceDate "2011.01.18"]
[SourceVersion "1"]
[SourceVersionDate "2011.01.18"]
[SourceQuality "1"]

1. e4 e6 2. d4 d5 3. Nc3 Bb4 4. e5 c5 5. a3 Bxc3+ 6. bxc3 Ne7 7. Qg4 {The
critical test of Black's setup.} Kf8 $5 {This move, advocated in the past by
Eingorn and Nikolic, intends to avoid major commitments such as losing the
g7-pawn (7...Qc7) or coming under an immediate attack (7...0-0). In the long
run, though, Black may face difficulties connecting his rooks.} 8. Bd3 {
In practice, White has tried many moves. Her choice in the main game is one of
the most popular, but one that has not scored too well. Its drawback is that
it fails to put immediate pressure on Black.} (8. a4 {and}) (8. h4 {are held
to be among the best.}) ({At a later stage of the same match, White deviated
with} 8. Qd1 $5 {White intends to restore her initial coordination and prove
that connecting Black's rooks will cost her more than the two tempi she was
awarded.} Qa5 9. Bd2 Qa4 10. Qb1 (10. Nf3 {is more popular.}) 10... c4 11. h4
$146 (11. Nf3) 11... h5 {(?!) Weakening the g5-square and giving White a clear
target for attack on h5.} ({To my taste,} 11... Nbc6 12. h5 h6 {is more solid,
but I must admit that I am not a French expert.}) 12. Nh3 Nbc6 13. Be2 Ng6 14.
Qd1 Nxh4 15. Ng5 Nf5 16. Rxh5 Rxh5 17. Bxh5 $40 {Ruan,L (2480)-Baginskaite,C 
(2336)/Antakya 2010 (1-0, 30)}) 8... Qa5 9. Bd2 Qa4 10. Ra2 b6 11. Nf3 Ba6 12.
O-O Bxd3 13. cxd3 c4 {Strategically speaking, Black has achieved everything
she could dream of, with chances of getting an ending with a good knight
against a bad bishop. On the way to the ending, she has to avoid being mated,
though.} 14. Nh4 $146 ({The only game between grandmasters continued with} 14.
Ng5 h6 15. Qh5 g6 16. Qh4 Nd7 17. dxc4 Qxc4 18. Rb2 Nf5 19. Qh3 Kg7 20. Nf3 Qd3
21. Rd1 Qa6 22. Ra1 Qd3 23. Rd1 Qa6 24. Ra1 Qd3 {1/2 Balashov,Y (2540)-Eingorn,
V (2450)/Minsk 1983/MCD}) (14. dxc4 Qxc4 {was played in several games at a
lower level, but does not seem to bother Black at all.}) 14... h6 15. f4 g6 16.
Qf3 Nf5 17. Nxf5 gxf5 18. Qd1 Qxd1 19. Rxd1 cxd3 20. a4 Nc6 21. Bc1 Ke7 22.
Rxd3 Na5 $15 {Black has fulfilled the first part of her programme. The
technical phase was eventually crowned by success.} 23. Ba3+ Kd7 24. Rg3 Rhg8
25. Rxg8 Rxg8 26. Kf2 Rc8 27. Bb4 Nc6 28. Ba3 Nb8 29. Bb2 h5 30. Ke3 Nc6 31.
Ba3 Na5 32. Bb4 Nc4+ 33. Kd3 h4 34. Ba3 Rg8 35. Bc1 Kc6 36. Be3 Kb7 37. Bc1 Ka6
38. Be3 Ka5 39. Bc1 a6 40. Be3 h3 41. gxh3 Nxe3 42. Kxe3 Rh8 43. Kf3 Rxh3+ 44.
Kg2 Rxc3 45. h4 Rc8 46. Kh3 Rh8 47. Kg3 Rh7 48. Ra1 b5 49. axb5+ Kxb5 50. Rh1
Kc4 51. h5 Kxd4 52. Kh4 Ke3 53. Kg5 d4 54. Re1+ Kd2 55. Ra1 d3 0-1